000 00468nam a22001697a 4500
999 _c41268
_d41268
003 OSt
005 20210412134906.0
008 210412b ||||| |||| 00| 0 eng d
020 _a9788182717947
040 _coclc
082 _a297
_bMOU/I
100 _91860
_aMoudoodi, Abul Ala
245 _aIslam /
_cAbul Ala Moududi
260 _aKozhikode:
_b Islamic Publishing House
300 _a86 pages
942 _2ddc
_cBK
_h297
_iMOU/I
_k297
_mMOU/I